| 000 | 01242cam a22003737a 4500 | ||
|---|---|---|---|
| 003 | CHAP | ||
| 005 | 20220329134551.0 | ||
| 008 | 971013s1976 r 00010 d | ||
| 010 | _a22326 | ||
| 011 | _a23298 | ||
| 035 | _a27394 | ||
| 040 | _cCHAP | ||
| 090 | _aFolleto 3458y | ||
| 100 | 0 | 0 |
_aCollias, Nicholas E. _925263 |
| 245 | 1 | 3 | _aEl lenguaje de los animales |
| 260 |
_aMéxico : _bCentro Regional de Ayuda Técnica, _c1976 |
||
| 300 |
_a35 p. _b: ilus. |
||
| 490 | 0 | _aFolletos CNEB-BSCS | |
| 590 |
_aBATCH-UPD _b10 _c20130110 _lUCH01 _h0102 |
||
| 590 |
_aBATCH-UPD _b10 _c20130110 _lUCH01 _h2046 |
||
| 590 |
_aBATCH-UPD _b10 _c20130409 _lUCH01 _h2052 |
||
| 590 |
_aBATCH-UPD _b10 _c20130410 _lUCH01 _h1400 |
||
| 590 |
_aBATCH-UPD _b10 _c20130914 _lUCH01 _h0911 |
||
| 590 |
_aCONVERSION _b10 _c20130109 _lUCH01 _h1313 |
||
| 650 | 1 | 4 |
_aAnimales _xHabitos y conducta. _95865 |
| 650 | 1 | 4 |
_aComunicación animal. _926208 |
| 650 | 1 | 4 |
_aSonidos animales. _9108568 |
| 710 | 0 |
_aCentro Regional de Ayuda Técnica. _921261 |
|
| 710 | 0 |
_aConsejo Nacional para la Enseñanza de la Biología. México. _927329 |
|
| 830 | 0 |
_aFolletos CNEB-BSCS _942073 |
|
| 901 | _aBK | ||
| 942 | _cFOLL | ||
| 949 |
_aFolleto 3458y _bBC _cFOLL _d-63566 _eTS1 _i27394 _mD _si |
||
| 999 |
_c22326 _d22326 |
||